[Event "IRI-ch (Women)"]
[Site "Tehran"]
[Date "2017.11.05"]
[Round "6"]
[White "Khachatourians, Teni"]
[Black "Bagheri, Taleghani Nadia"]
[Result "1/2-1/2"]
[WhiteElo "1806"]
[BlackElo "1804"]
[PlyCount "108"]
[EventDate "2017.11.02"]
[EventType "swiss"]
[EventRounds "9"]
[EventCountry "IRI"]
[SourceTitle "CBM 181 Extra"]
[Source "ChessBase"]
[SourceDate "2017.12.12"]
[SourceVersion "1"]
[SourceVersionDate "2017.12.12"]
[SourceQuality "1"]

1. e4 c5 2. Nc3 Nc6 3. Bb5 Nd4 4. Bc4 e6 5. Nge2 Ne7 6. 0-0 d5 7. exd5 Nxd5 8. Nxd4 cxd4 9. Nxd5 exd5 10. Re1+ Be7 11. Bb5+ Bd7 12. Bd3 0-0 13. Qh5 f5 14. Re5 g6 15. Qf3 Bc6 16. b3 Bf6 17. Re2 Re8 18. Bb2 Rxe2 19. Qxe2 Qd6 20. Re1 Re8 21. Qf1 Be5 22. h3 Qb4 23. Re2 Bf6 24. Qe1 Rxe2 25. Qxe2 Kf7 26. a3 Qe7 27. Qxe7+ Kxe7 28. f4 Ke6 29. Kf2 h6 30. a4 a6 31. Ba3 b5 32. axb5 axb5 33. Bc5 Bg7 34. b4 g5 35. g3 Be8 36. Bf1 gxf4 37. gxf4 Bf6 38. Ke2 Bh5+ 39. Kd3 Bf3 40. Bxd4 Be4+ 41. Kc3 Bh4 42. Bg7 h5 43. Be2 Bg3 44. Be5 h4 45. Bf1 Bf3 46. Kb3 Be1 47. d3 Kd7 48. Bc3 Bf2 49. Bd2 d4 50. c3 Kc6 51. c4 Kb6 52. Kc2 Kc6 53. Bc1 Be3 54. cxb5+ Kxb5 1/2-1/2

[Event "IRI-ch (Women)"]
[Site "Tehran"]
[Date "2017.11.05"]
[Round "5"]
[White "Khalili, Atieh"]
[Black "Khachatourians, Teni"]
[Result "0-1"]
[WhiteElo "1810"]
[BlackElo "1806"]
[PlyCount "122"]
[EventDate "2017.11.02"]
[EventType "swiss"]
[EventRounds "9"]
[EventCountry "IRI"]
[SourceTitle "CBM 181 Extra"]
[Source "ChessBase"]
[SourceDate "2017.12.12"]
[SourceVersion "1"]
[SourceVersionDate "2017.12.12"]
[SourceQuality "1"]

1. d4 Nf6 2. Bf4 g6 3. e3 Bg7 4. Nf3 d5 5. h3 0-0 6. Bd3 c5 7. c3 Nbd7 8. Nbd2 Re8 9. 0-0 Nh5 10. Bh2 e5 11. Nxe5 Nxe5 12. dxe5 Bxe5 13. Bxe5 Rxe5 14. Nf3 Re6 15. Qd2 b6 16. Rad1 Qf6 17. Be2 Bb7 18. Nh2 Qg5 19. Bf3 Rd8 20. Rfe1 Nf6 21. Nf1 Ne4 22. Qc2 Qh4 23. Nh2 Ng5 24. Bg4 f5 25. Nf3 Nxf3+ 26. Bxf3 Red6 27. Rd2 Ba6 28. Red1 d4 29. exd4 cxd4 30. Qa4 b5 31. Qb4 Qf4 32. cxd4 g5 33. Qb3+ Kg7 34. Qe3 Qxe3 35. fxe3 Re6 36. Kf2 Rc8 37. g4 f4 38. e4 Rh6 39. Bg2 Rhc6 40. e5 Rc2 41. Be4 R2c4 42. Bf5 Re8 43. Bd7 Re7 44. e6 Bc8 45. b3 Rc3 46. Bxb5 Rxe6 47. Bf1 Ree3 48. Rd3 Kf6 49. Rxe3 fxe3+ 50. Kf3 Ke6 51. Bd3 Kd5 52. Kxe3 Ba6 53. Ke2 Rxd3 54. Rxd3 Ke4 55. d5 Bxd3+ 56. Kd2 Bb5 57. Kc3 Kxd5 58. Kb4 Kc6 59. Ka5 Bf1 60. b4 Kb7 61. a4 Bxh3 0-1

[Event "IRI-ch (Women)"]
[Site "Tehran"]
[Date "2017.11.04"]
[Round "4"]
[White "Khachatourians, Teni"]
[Black "Asadi, Motahare"]
[Result "0-1"]
[WhiteElo "1806"]
[BlackElo "1911"]
[PlyCount "100"]
[EventDate "2017.11.02"]
[EventType "swiss"]
[EventRounds "9"]
[EventCountry "IRI"]
[SourceTitle "CBM 181 Extra"]
[Source "ChessBase"]
[SourceDate "2017.12.12"]
[SourceVersion "1"]
[SourceVersionDate "2017.12.12"]
[SourceQuality "1"]

1. e4 c5 2. Nc3 e6 3. g3 b6 4. Bg2 Bb7 5. Nge2 d6 6. 0-0 a6 7. d4 cxd4 8. Nxd4 Qc7 9. Re1 Be7 10. Be3 Nf6 11. f4 Nbd7 12. Qe2 0-0 13. Rad1 b5 14. a3 Nb6 15. e5 dxe5 16. fxe5 Nfd5 17. Nxd5 Bxd5 18. Bf4 Bc5 19. c3 Rfd8 20. Qg4 Kh8 21. Be4 Bxe4 22. Rxe4 Nc4 23. Qe2 Rd5 24. Qh5 Nxb2 25. Rf1 Nd3 26. Bg5 Rxe5 27. Rxe5 Qxe5 28. Rxf7 Bxd4+ 29. cxd4 Qxd4+ 30. Kg2 Qd5+ 31. Kh3 h6 32. Qg6 Nf2+ 33. Rxf2 Qxg5 34. Qxe6 Qc5 35. Rf7 Qc8 36. Qxc8+ Rxc8 37. Ra7 Rc6 38. Kg4 Rf6 39. h4 Rg6+ 40. Kf4 h5 41. Kf3 Kh7 42. Ra8 Rc6 43. Kf4 Rc4+ 44. Kg5 Ra4 45. Kxh5 Rxa3 46. g4 b4 47. Ra7 Ra5+ 48. g5 b3 49. Rd7 b2 50. Rd1 g6+ 0-1

[Event "IRI-ch (Women)"]
[Site "Tehran"]
[Date "2017.11.03"]
[Round "2"]
[White "Khachatourians, Teni"]
[Black "Mahdian, Anousha"]
[Result "0-1"]
[WhiteElo "1806"]
[BlackElo "1996"]
[PlyCount "66"]
[EventDate "2017.11.02"]
[EventType "swiss"]
[EventRounds "9"]
[EventCountry "IRI"]
[SourceTitle "CBM 181 Extra"]
[Source "ChessBase"]
[SourceDate "2017.12.12"]
[SourceVersion "1"]
[SourceVersionDate "2017.12.12"]
[SourceQuality "1"]

1. e4 c5 2. Nc3 a6 3. Nge2 e6 4. g3 b5 5. Bg2 Bb7 6. 0-0 b4 7. Na4 Nf6 8. d3 d5 9. exd5 Bxd5 10. Bxd5 Nxd5 11. Nf4 Nxf4 12. Bxf4 Be7 13. Re1 0-0 14. Qg4 Nd7 15. Bh6 Bf6 16. f4 Kh8 17. Bg5 Qa5 18. b3 Bxa1 19. Rxa1 Nb6 20. Be7 Rfe8 21. Bd6 Nxa4 22. bxa4 Qb6 23. Be5 c4+ 24. Kg2 f6 25. Bb2 Qc6+ 26. Kh3 c3 27. Bc1 Qxa4 28. Qe2 e5 29. f5 e4 30. Bf4 Qb5 31. Qh5 g6 32. Qh6 Qxf5+ 33. Kg2 exd3 0-1

[Event "Qazvin op (Women) 18th"]
[Site "Qazvin"]
[Date "2015.08.15"]
[Round "3"]
[White "Alavi, Homa"]
[Black "Khachatourians, Teni"]
[Result "1-0"]
[WhiteElo "1991"]
[BlackElo "1753"]
[PlyCount "113"]
[EventDate "2015.08.14"]
[EventType "swiss"]
[EventRounds "11"]
[EventCountry "IRI"]
[SourceTitle "EXT 2016"]
[Source "ChessBase"]
[SourceDate "2015.10.08"]
[SourceVersion "1"]
[SourceVersionDate "2015.10.08"]
[SourceQuality "1"]

1. d4 Nf6 2. g3 d5 3. Bg2 c6 4. Nf3 g6 5. 0-0 Bg7 6. c4 0-0 7. Nc3 Ne4 8. cxd5 Nxc3 9. bxc3 cxd5 10. Qb3 Nc6 11. Nd2 e6 12. a4 Na5 13. Qa2 b6 14. e4 Ba6 15. Re1 Nc4 16. Nb3 dxe4 17. Bxe4 Rc8 18. a5 Bb5 19. Bf4 Nd6 20. Bxd6 Qxd6 21. axb6 axb6 22. Qb2 Bc6 23. Nd2 Qc7 24. Rab1 Bh6 25. f4 b5 26. Bxc6 Qxc6 27. Ne4 Rb8 28. Qg2 Rfc8 29. Nf6+ Kg7 30. Qxc6 Rxc6 31. Nd7 Rb7 32. Nc5 Rbb6 33. Rb2 g5 34. f5 exf5 35. Reb1 g4 36. Rxb5 Rxb5 37. Rxb5 Bd2 38. Rb3 f4 39. gxf4 Bxf4 40. Kg2 Rh6 41. Nd3 Bxh2 42. Nf2 f5 43. Rb7+ Kf8 44. Rb5 g3 45. Rxf5+ Ke7 46. Re5+ Kd7 47. Ne4 Rc6 48. Nc5+ Kd8 49. Re6 Rc7 50. c4 Rf7 51. Ne4 h5 52. Nf6 h4 53. d5 Rg7 54. d6 h3+ 55. Kxh3 Kc8 56. Re8+ Kb7 57. Re7+ 1-0

[Event "IRI-ch (Women)"]
[Site "Tehran"]
[Date "2014.12.11"]
[Round "6"]
[White "Khachatourians, Teni"]
[Black "Hamedi Nia, Vesal"]
[Result "0-1"]
[WhiteElo "1698"]
[BlackElo "1742"]
[PlyCount "90"]
[EventDate "2014.12.07"]
[EventType "swiss"]
[EventRounds "11"]
[EventCountry "IRI"]
[SourceTitle "CBM 163 Extra"]
[Source "ChessBase"]
[SourceDate "2014.12.23"]
[SourceVersion "1"]
[SourceVersionDate "2014.12.23"]
[SourceQuality "1"]

1. e4 c5 2. Nc3 e6 3. f4 a6 4. a4 Nc6 5. Nf3 d5 6. d3 Nf6 7. g3 b6 8. e5 d4 9. Nb1 Nd5 10. Bg2 Bb7 11. 0-0 Nce7 12. Nh4 Ng6 13. Nxg6 hxg6 14. c4 dxc3 15. bxc3 Nxc3 16. Nxc3 Qd4+ 17. Kh1 Bxg2+ 18. Kxg2 Qxc3 19. Rb1 Rb8 20. Bb2 Qa5 21. Qc2 b5 22. axb5 axb5 23. d4 Qa8+ 24. Kg1 Rc8 25. Rfd1 Be7 26. d5 exd5 27. e6 0-0 28. f5 Bg5 29. h4 Be3+ 30. Kh2 fxe6 31. Qb3 Rxf5 32. Qxe3 Qc6 33. Rbc1 c4 34. g4 Qd6+ 35. Kg1 Rf4 36. Rd4 e5 37. Rxf4 exf4 38. Qf2 b4 39. Bd4 c3 40. Qa2 f3 41. Bf2 Qf4 42. Qxd5+ Kh7 43. Rc2 Qxg4+ 44. Bg3 Qxg3+ 45. Kf1 Re8 0-1

[Event "IRI-ch (Women)"]
[Site "Rasht"]
[Date "2013.12.02"]
[Round "4"]
[White "Alinasab, Mobina"]
[Black "Khachatourians, Teni"]
[Result "1-0"]
[WhiteElo "1838"]
[BlackElo "1735"]
[PlyCount "317"]
[EventDate "2013.11.30"]
[EventType "swiss"]
[EventRounds "11"]
[EventCountry "IRI"]
[SourceTitle "CBM 157 Extra"]
[Source "ChessBase"]
[SourceDate "2013.12.19"]
[SourceVersion "1"]
[SourceVersionDate "2013.12.19"]
[SourceQuality "1"]

1. e4 Nf6 2. d3 e5 3. Nf3 Nc6 4. Nc3 d5 5. exd5 Nxd5 6. Nxd5 Qxd5 7. Be2 Bf5 8. Be3 Be7 9. 0-0 h6 10. Nd2 0-0 11. Bf3 Qe6 12. Be4 Bxe4 13. dxe4 Rad8 14. Qe2 Nd4 15. Bxd4 Rxd4 16. c3 Rd7 17. Rfe1 Rfd8 18. Nf1 Bc5 19. a3 Qf6 20. Rac1 Qg5 21. h3 Rd2 22. Nxd2 Rxd2 23. Qf3 Bxf2+ 24. Qxf2 Rxf2 25. Kxf2 Qd2+ 26. Kg1 Qxb2 27. a4 Qa3 28. Kh1 Qxa4 29. Ra1 Qc4 30. Rxa7 Qxc3 31. Rf1 Qc4 32. Raa1 c6 33. Rad1 b5 34. Rf3 c5 35. Rd8+ Kh7 36. Rd2 Kg6 37. Rg3+ Kf6 38. Rf3+ Kg6 39. Rg3+ Kf6 40. Rgd3 g6 41. Rf3+ Kg7 42. Rd5 b4 43. Rxe5 b3 44. Re7 h5 45. h4 Kf8 46. Rb7 b2 47. Kh2 f5 48. Rb8+ Ke7 49. Rb7+ Kf6 50. Rb6+ Ke7 51. Rb7+ Kd6 52. Rxb2 Qxe4 53. Rb6+ Kd5 54. Rxg6 Qxh4+ 55. Kg1 f4 56. Rf1 c4 57. Ra6 c3 58. Ra5+ Kd4 59. Ra4+ Ke3 60. Rf3+ Kd2 61. Ra2+ c2 62. Rf2+ Ke3 63. Raxc2 Kd3 64. Ra2 Ke4 65. Ra5 Qg4 66. Rf3 Qh4 67. Ra1 Kf5 68. Ra5+ Ke4 69. Rf2 Qg4 70. Ra4+ Kf5 71. Ra1 Ke4 72. Rf3 Kf5 73. Ra5+ Ke4 74. Ra4+ Kf5 75. Ra1 Ke5 76. Re1+ Kf5 77. Re2 h4 78. Re1 Qg6 79. Kh2 Kg5 80. Re5+ Kf6 81. Rb5 Qg4 82. Rc5 Ke6 83. Rc6+ Ke5 84. Rc5+ Kf6 85. Rc1 Kf5 86. Rc6 Kg5 87. Rfc3 Kf5 88. Rf3 Kg5 89. Ra6 Qc8 90. Ra5+ Kg4 91. Ra4 Qf8 92. Re4 Qf6 93. Ra4 Qg5 94. Ra8 Qg7 95. Ra2 Qg6 96. Ra5 Qg7 97. Ra8 Qf7 98. Rd3 Qc4 99. Rdd8 Qe6 100. Ra3 Qf7 101. Rh8 Qf6 102. Rg8+ Kf5 103. Rf3 Ke5 104. Rg4 Qf5 105. Kh3 Qe6 106. Rfxf4 Kd5 107. Kh2 Kc5 108. Rc4+ Kb5 109. Rb4+ Kc5 110. Rbf4 Kd6 111. Rxh4 Qe5 112. Rhg4 Qh8+ 113. Kg3 Qc3+ 114. Kf2 Qd2+ 115. Kg1 Qe3+ 116. Kh2 Qe5 117. g3 Qe2+ 118. Kg1 Qd1+ 119. Kg2 Qc2+ 120. Rf2 Qc6+ 121. Kh2 Qc5 122. Rgf4 Qh5+ 123. Kg2 Qd5+ 124. R4f3 Qe4 125. Kg1 Qb1+ 126. Rf1 Qb6+ 127. Kg2 Qb2+ 128. R1f2 Qg7 129. Rd2+ Ke6 130. Re3+ Kf5 131. Rf2+ Kg5 132. Rb3 Qd7 133. Rbf3 Qc6 134. Kh2 Qc1 135. Rf5+ Kg6 136. g4 Qc3 137. R5f3 Qh8+ 138. Kg3 Qe5+ 139. Kh3 Qh8+ 140. Kg2 Qh4 141. Rg3 Qg5 142. Rf8 Qh4 143. Rf4 Qg5 144. Rgf3 Qe5 145. Kh3 Qd5 146. Rf6+ Kg7 147. R6f5 Qd4 148. Kh4 Qd1 149. Kg5 Qc1+ 150. R5f4 Qc5+ 151. Rf5 Qe7+ 152. Kh5 Qe8+ 153. Rf7+ Kg8 154. Kh6 Qe6+ 155. R7f6 Qe7 156. Rf8+ Qxf8+ 157. Rxf8+ Kxf8 158. Kh7 Kf7 159. g5 1-0